00710 2200241 4500001002100000005001500021035002000036007000300056008004100059020002200100082001200122084001800134100002000152245013500172250001000307260003900317300002900356650002100385700001700406700002300423990001100446990001100457INLIS00000000000346720190521020349 a0010-0519000059ta190521 a 0 ind  a978-979-055-533-4 a297. 73 a297. 73 SRI q0 aSRI, Al Hidayat1 aQur'anic Quetions & Answers: Nabi Yang Disebut dalam Al-Qur'an Bagian I /cSri Al Hidayat; editor, Abdul Wahab, Safitri Lusiana D. acet.3 aBandung :bSygma Kaya Imaji,c2018 a28 hlm :bilus. ;c27 cm 4aISLAM.PENDIDIKAN0 aABDUL, Wahab0 aSAFITRI, Lusiana D a6546 a a6546 b